00481 a2200169 4500001000700000020000600007040001100013100000600024240005800030245005300088362000900141440001000150697002300160942000700183952010200190999001900292164239 a  cMagnum a-10aConte outra vez: o gato de botas/os tres musicoslpor10aConte outra vez: o gato de botas/os tres musicos0 a1899 1aGlobo aIJ/FADAS, FANTASIA cBK 00104070a32.5b32.5d2024-06-08l0oLI.04910pMAG00008314r2024-06-08 20:36:59w2024-06-08yBK c164239d164239